000 00661nam a22002057a 4500
999 _c12521
_d12521
003 AR-CdUCM
008 190409b ||||| |||| 00| 0 spa d
040 _aMUNICIPALIDAD PROVINCIAL DEL CUSCO
_cBIBLIOTECA MUNICIPAL DEL CUSCO
082 _a706.9 /
_bG64 / 1941
100 _aGog, Gregor.
_930391
245 _aEl arte infantil en la Unión Soviética /
260 _aMontevideo :
_bAmérica,
_c1941.
300 _a43 páginas ;
_bFotografías,
_c18 cm.
505 _aContenido: Infancia en la URSS.
650 _aInfancia en la URSS
_930392
650 _aArte soviético
_930393
650 _aURSS
_92690
942 _2ddc
_cLIBROS
945 _adavv
_d09/04/2019